Statistics for "Port" Cities by Clue

Click here to take the quiz!

General Stats

  • This quiz has been taken 455 times
  • The average score is 9 of 20

Answer Stats

ClueCity% Correct
Oregonian or Mainer cityPortland
85%
Biggest city in New GuineaPort Moresby
79%
Devastated by an earthquake in 2010Port-au-Prince
76%
Capital of MauritiusPort Louis
69%
Legislative capital of BeninPorto-Novo
68%
Capital of VanuatuPort Vila
63%
Home to the biggest stock exchange
in the Caribbean
Port of Spain
54%
Egyptian city north of Suez CanalPort Said
51%
Also known as Nelson Mandela BayPort Elizabeth
50%
Sudanese port on the Red SeaPort Sudan
48%
The First Fleet departed from herePortsmouth
47%
Biggest city in ConnecticutBridgeport
40%
Portuguese for "Joyful Harbor"Porto Alegre
38%
Biggest suburb in CardiffNewport
37%
Where Shell and Chevron offices
are located on Nigeria
Port Harcourt
35%
Biggest city in northern LouisianaShreveport
35%
Third biggest city in IowaDavenport
24%
Biggest city between Jacksonville
and Miami along the coast
Port St. Lucie
19%
Andaman and Nicobar Islands' capitalPort Blair
13%
Leading seaport of GabonPort-Gentil
10%

Score Distribution

Percentile by Number Answered

Percent of People with Each Score

Your Score History

You have not taken this quiz